kpop blackpink - Statistiques

Statistiques générales
  • Ce quiz a été pris 1 554 fois
    258 depuis la dernière actualisation
  • Le résultat moyen est 10 sur 16
Statistiques - réponses
Par images Réponse % Correct
How you like that
81%
Boombayah
76%
Shut down
75%
Jump
66%
The girls
63%
Pink venom
62%
Ice cream
61%
Lovesick girls
60%
Stay
59%
Go
58%
Kill this love
55%
DDU DU DDU DU
51%
Ready for love
51%
AS IF IT'S YOUR LAST
49%
WHISTLE
47%
Playing with fire
45%
Aucun quiz correspondant
Distribution des résultats
% des personnes avec chaque résultat
Percentile par nombre de réponses
Votre historique - résultats
Vous n’avez pas pris ce quiz depuis la dernière actualisation